Fiasco : the American military adventure in Iraq (Record no. 11562)
[ view plain ]
| 000 -LEADER | |
|---|---|
| fixed length control field | 00372nam a22001457a 4500 |
| 020 ## - INTERNATIONAL STANDARD BOOK NUMBER | |
| International Standard Book Number | 9780141028507 |
| 082 ## - DEWEY DECIMAL CLASSIFICATION NUMBER | |
| Classification number | 956.70443 RIC |
| 100 ## - MAIN ENTRY--PERSONAL NAME | |
| Personal name | Ricks, Thomas E. |
| 245 ## - TITLE STATEMENT | |
| Title | Fiasco : the American military adventure in Iraq |
| 260 ## - PUBLICATION, DISTRIBUTION, ETC. | |
| Place of publication, distribution, etc. | New York |
| Name of publisher, distributor, etc. | Penguin Books |
| Date of publication, distribution, etc. | 2007 |
| 300 ## - PHYSICAL DESCRIPTION | |
| Extent | xv, 477p. : |
| Accompanying material | 22 cm |
| 650 ## - SUBJECT ADDED ENTRY--TOPICAL TERM | |
| Topical term or geographic name entry element | United States |
| 700 ## - ADDED ENTRY--PERSONAL NAME | |
| Personal name | Thomas E.Ricks |
| 942 ## - ADDED ENTRY ELEMENTS (KOHA) | |
| Koha item type | Book |
| Withdrawn status | Lost status | Damaged status | Not for loan | Collection code | Permanent Location | Current Location | Shelving location | Date acquired | Source of acquisition | Cost, normal purchase price | Total Checkouts | Total Renewals | Full call number | Barcode | Date last seen | Date last checked out | Price effective from | Koha item type |
|---|---|---|---|---|---|---|---|---|---|---|---|---|---|---|---|---|---|---|
| Central Library (CL) | Central Library (CL) | General Stacks | 01/24/2013 | Saeed Book Bank | 780.00 | 7 | 1 | 956.70443 RIC | SEECS011946 | 09/26/2023 | 07/08/2023 | 02/07/2013 | Book |
